000 00676nam a2200205 u 4500
005 20230609063528.0
008 100217s2000 ag r 000 0 spa d
022 _a0329-7853
035 _aUPN01000174781
049 _aCG
050 4 _aBF721
_bC6.5
245 0 0 _aConstrucción de la subjetividad :
_blímites, miedos, "problemas" de conducta /
_cSandra Cedrón ... [et al.].
260 _aBuenos Aires :
_bNovedades Educativas,
_c2000.
300 _a92 p. :
_bil.
440 0 _a0 a 5 : la educación en los primeros años ;
_v31
500 _aTítulo de la cubierta
650 4 _aPsicología infantil
_990
700 1 _aCedrón, Sandra Marcela,
_ecoaut.
905 _aLibro
999 _c146885
_d146885